[Event "Bialystok Zamenhof Memorial-B 36th"]
[Site "Bialystok"]
[Date "2017.12.30"]
[Round "7"]
[White "Kirilin, Dmitrij"]
[Black "Walewski, Wojciech"]
[Result "1/2-1/2"]
[WhiteElo "1917"]
[BlackElo "2104"]
[PlyCount "62"]
[EventDate "2017.12.27"]
[EventType "swiss"]
[EventRounds "9"]
[EventCountry "POL"]
[SourceTitle "CBM 182 Extra"]
[Source "ChessBase"]
[SourceDate "2018.02.23"]
[SourceVersion "1"]
[SourceVersionDate "2018.02.23"]
[SourceQuality "1"]

1. d4 d5 2. c4 c6 3. cxd5 cxd5 4. Bg5 h6 5. Bh4 Qb6 6. Nc3 e6 7. Qd2 Nc6 8. Rd1 Nf6 9. Bxf6 gxf6 10. e4 dxe4 11. d5 exd5 12. Nxd5 Bb4 13. Nxb6 Bxd2+ 14. Rxd2 axb6 15. a3 Be6 16. Ne2 f5 17. Nf4 Rd8 18. Bb5 Ke7 19. Bxc6 bxc6 20. Ke2 Rxd2+ 21. Kxd2 Rd8+ 22. Kc3 Kf6 23. h4 e3 24. f3 c5 25. Re1 Rd4 26. g3 Rc4+ 27. Kd3 Rd4+ 28. Kc3 Rc4+ 29. Kd3 Rd4+ 30. Kxe3 Ke5 31. Nd3+ Kd6 1/2-1/2

[Event "Bialystok Zamenhof Memorial-B 36th"]
[Site "Bialystok"]
[Date "2017.12.27"]
[Round "2"]
[White "Walewski, Wojciech"]
[Black "Majek, Kacper"]
[Result "1-0"]
[WhiteElo "2104"]
[BlackElo "1628"]
[PlyCount "57"]
[EventDate "2017.12.27"]
[EventType "swiss"]
[EventRounds "9"]
[EventCountry "POL"]
[SourceTitle "CBM 182 Extra"]
[Source "ChessBase"]
[SourceDate "2018.02.23"]
[SourceVersion "1"]
[SourceVersionDate "2018.02.23"]
[SourceQuality "1"]

1. d4 b6 2. e4 Bb7 3. Bd3 Nf6 4. f3 e6 5. Ne2 d6 6. c4 Nbd7 7. 0-0 e5 8. d5 g6 9. Nbc3 a5 10. Bg5 Bg7 11. Qd2 0-0 12. g4 Ba6 13. b3 Nc5 14. Bc2 Qd7 15. a4 Rae8 16. Ng3 Kh8 17. Kg2 Ng8 18. Rh1 f6 19. Be3 Rf7 20. h4 Bc8 21. Nce2 f5 22. exf5 e4 23. Raf1 gxf5 24. Nxf5 Rxf5 25. gxf5 Qxf5 26. Ng3 exf3+ 27. Rxf3 Qd7 28. Bd4 Nh6 29. Qxh6 1-0

[Event "POL-ch (Public Admin) 3rd rapid"]
[Site "Warsaw"]
[Date "2017.12.09"]
[Round "4.5"]
[White "Pacuszka, Tomasz"]
[Black "Walewski, Wojciech"]
[Result "0-1"]
[WhiteElo "2194"]
[BlackElo "2071"]
[PlyCount "126"]
[EventDate "2017.12.09"]
[EventType "swiss (rapid)"]
[EventRounds "9"]
[EventCountry "POL"]
[SourceTitle "CBM 182 Extra"]
[Source "ChessBase"]
[SourceDate "2018.02.23"]
[SourceVersion "1"]
[SourceVersionDate "2018.02.23"]
[SourceQuality "1"]

1. g3 e5 2. Bg2 d5 3. d3 c5 4. Nd2 Nc6 5. e4 d4 6. Ngf3 Be6 7. 0-0 f6 8. h3 Qd7 9. Kh2 Bd6 10. b3 Nge7 11. Nc4 Bc7 12. a4 0-0 13. Qe2 Kh8 14. Ba3 b6 15. Nh4 g5 16. Nf3 Ng6 17. Ng1 Rae8 18. Bc1 Kg7 19. Bf3 h6 20. Bg4 f5 21. exf5 Bxf5 22. Nd2 Bxg4 23. Qxg4 Qxg4 24. hxg4 Nb4 25. Ne4 Nxc2 26. Rb1 Nb4 27. Rd1 Ne7 28. Kg2 Ned5 29. Bb2 Nf6 30. Nf3 Nxg4 31. Ba3 Nc2 32. Bb2 Nge3+ 33. fxe3 Nxe3+ 34. Kf2 Nxd1+ 35. Rxd1 g4 36. Ke2 Rxf3 37. b4 cxb4 38. Rc1 Bd8 39. Rc6 Rf7 40. Bc1 Rh8 41. Re6 Re7 42. Rd6 Bc7 43. Rc6 a5 44. Bd2 b3 45. Bc1 h5 46. Ba3 Rf7 47. Ng5 Bd8 48. Nxf7 Kxf7 49. Rc8 Bf6 50. Rc6 Rb8 51. Kd2 b5 52. axb5 Rxb5 53. Kc1 b2+ 54. Bxb2 Be7 55. Ra6 h4 56. gxh4 Bxh4 57. Kc2 g3 58. Ra7+ Kg6 59. Ra8 Bf6 60. Rg8+ Bg7 61. Ba3 g2 62. Bf8 Rb7 63. Bxg7 Rxg7 0-1

[Event "Bialystok Zamenhof Memorial 35th"]
[Site "Bialystok"]
[Date "2016.12.28"]
[Round "4"]
[White "Walewski, Wojciech"]
[Black "Malicka, Maria"]
[Result "0-1"]
[WhiteElo "2095"]
[BlackElo "1901"]
[PlyCount "108"]
[EventDate "2016.12.27"]
[EventType "swiss (rapid)"]
[EventRounds "9"]
[EventCountry "POL"]
[SourceTitle "CBM 176 Extra"]
[Source "ChessBase"]
[SourceDate "2017.03.02"]
[SourceVersion "1"]
[SourceVersionDate "2017.03.02"]
[SourceQuality "1"]

1. d4 Nf6 2. c4 e6 3. Nc3 Bb4 4. Qc2 b6 5. a3 Bxc3+ 6. Qxc3 Bb7 7. Bg5 h6 8. Bh4 d6 9. e3 Nbd7 10. f3 e5 11. Bf2 exd4 12. Qxd4 0-0 13. Ne2 Ne5 14. 0-0-0 Nfd7 15. Nc3 Nc5 16. Kb1 Nb3 17. Qf4 Ba6 18. Kc2 Nc5 19. b3 Re8 20. Be2 Rb8 21. e4 Bc8 22. Qd2 a5 23. g4 a4 24. b4 Nb3 25. Qf4 Qd7 26. Nd5 Qc6 27. b5 Qd7 28. Nc3 Na5 29. Rd4 c5 30. Rdd1 Naxc4 31. Ra1 Bb7 32. Rhd1 Ra8 33. Kb1 Qe6 34. Nd5 Bxd5 35. exd5 Qg6+ 36. Kc1 Qg5 37. Qxg5 hxg5 38. Kc2 Nxg4 39. Bxc4 Nxf2 40. Rg1 Nh3 41. Rg3 Nf4 42. Rxg5 Ne2 43. Kd2 Nd4 44. Rf1 Re5 45. f4 Rxg5 46. fxg5 Re8 47. Rf4 Re5 48. h4 Kf8 49. Rg4 Rf5 50. Ke3 Rf3+ 51. Ke4 Rxa3 52. Bd3 Ra1 53. Kf4 a3 54. Rg2 a2 0-1

[Event "Memorial Henryk Jakubowski"]
[Site "Lomza"]
[Date "2011.01.08"]
[Round "2.1"]
[White "Kokoszczynski, Jan"]
[Black "Walewski, Wojciech"]
[Result "0-1"]
[WhiteElo "1575"]
[BlackElo "2063"]
[PlyCount "64"]
[EventDate "2011.01.08"]
[EventType "swiss"]
[EventRounds "5"]
[EventCountry "POL"]
[SourceTitle "EXT 2023"]
[Source "ChessBase"]
[SourceDate "2022.10.05"]
[SourceVersion "1"]
[SourceVersionDate "2022.10.05"]
[SourceQuality "1"]

1. e4 c5 2. Nf3 e6 3. d4 cxd4 4. Nxd4 Nf6 5. Nc3 Bb4 6. Bg5 Qa5 7. Bd2 Qb6 8. Nde2 Ng4 9. Be3 Nxe3 10. fxe3 Qxe3 11. Qd3 Qg5 12. a3 Ba5 13. b4 Bb6 14. Na4 Bc7 15. g3 h5 16. Nd4 Nc6 17. Nb5 Be5 18. Rd1 h4 19. Rg1 0-0 20. Nc5 Rd8 21. c4 Qf6 22. Nb3 b6 23. N5d4 Nxd4 24. Nxd4 Bb7 25. Bg2 hxg3 26. hxg3 d5 27. exd5 exd5 28. Rf1 Qg5 29. Qf3 Bxg3+ 30. Ke2 Re8+ 31. Kd3 dxc4+ 32. Kc3 Bxf3 0-1